Initiatives against corruption in Kenya : (Record no. 499)

MARC details
000 -LEADER
fixed length control field 00668cam a22002052 4500
001 - CONTROL NUMBER
control field 0000003492
005 - DATE AND TIME OF LATEST TRANSACTION
control field 20151021151101.0
008 - FIXED-LENGTH DATA ELEMENTS--GENERAL INFORMATION
fixed length control field 070508s xx 000 0 eng d
020 ## - INTERNATIONAL STANDARD BOOK NUMBER
International Standard Book Number 9966915397 :
040 ## - CATALOGING SOURCE
Original cataloging agency KABU
Transcribing agency KABU
050 #0 - LIBRARY OF CONGRESS CALL NUMBER
Classification number KSK4516
Item number .I55
245 10 - TITLE STATEMENT
Title Initiatives against corruption in Kenya :
Remainder of title legal and policy interventions 1995-2001 /
Statement of responsibility, etc. ed. by Kivutha Kibwana .... [et al.]
260 ## - PUBLICATION, DISTRIBUTION, ETC. (IMPRINT)
Place of publication, distribution, etc. Nairobi :
Name of publisher, distributor, etc. Claripress,
Date of publication, distribution, etc. 2001.
300 ## - PHYSICAL DESCRIPTION
Extent x, 212 p.
650 #0 - SUBJECT ADDED ENTRY--TOPICAL TERM
Topical term or geographic name as entry element Political corruption
Geographic subdivision Kenya.
-- 0000153212
700 1# - ADDED ENTRY--PERSONAL NAME
Personal name Kibwana, Kivutha.
-- 0000153213
908 ## - PUT COMMAND PARAMETER (RLIN)
Put command parameter 070508
950 ## - LOCAL HOLDINGS (RLIN)
-- 1
Holdings
Withdrawn status Lost status Source of classification or shelving scheme Not for loan Home library Current library Date acquired Total Checkouts Full call number Barcode Date last seen Price effective from Koha item type Date last checked out
    Library of Congress Classification   Kabarak, Main Campus Kabarak, Main Campus 17/12/2015 3 KSK4516 .I55 011456 12/10/2023 17/12/2015 General Collection 26/09/2023
    Library of Congress Classification   Kabarak, Main Campus Kabarak, Main Campus 17/12/2015   KSK4516 .I55 010258 17/12/2015 17/12/2015 Africana Collection  
    Library of Congress Classification   Kabarak, Nakuru City Campus Kabarak, Nakuru City Campus 21/10/2015   KSK4516 .I55 011484 21/10/2015 21/10/2015 General Collection  
Designed with assistance from East African Informatics Ltd